=LDR 00000nam 2200000 4500 =001 INLIS000000000011949 =005 20130612103509 =008 ***********************************Ind** =035 ##$$0010-061300000011949 =041 ##$$a Ind =082 ##$$a 410.07 =090 ##$$a 410.07, Sur m =100 ##$$a Surana =245 ##$$a Materi Pembelajaran bahasa dan sastra Indonesia untuk SMU, Surana =260 ##$$a 1996 $b Solo =300 ##$$a ...Jil, 28 cm =650 ##$$a Bahasa indonesia =650 ##$$a studi dan Pengajaran =850 ##$$a NBPNMAT